|
|
|
|
| LEADER |
00000nam0a2200000 4500 |
| 001 |
366459 |
| 005 |
20231102011902.0 |
| 035 |
|
|
|a (RuTPU)RU\TPU\retro\23822
|
| 090 |
|
|
|a 366459
|
| 100 |
|
|
|a 20220209d1979 m y0rusy50 ca
|
| 101 |
0 |
|
|a rus
|
| 102 |
|
|
|a UA
|
| 105 |
|
|
|a a j 001zy
|
| 200 |
1 |
|
|a Расчет искажений формы сигналов изображения при передаче по линиям связи
|e учебное пособие
|f О. В. Гофайзен
|g Одесский электротехнический институт связи
|
| 210 |
|
|
|a Одесса
|c [Б. и.]
|d 1979
|
| 215 |
|
|
|a 48 с.
|c ил.
|
| 320 |
|
|
|a Библиогр.: с. 46
|
| 606 |
1 |
|
|a Телевизионные сигналы
|x Искажения
|2 stltpush
|3 (RuTPU)RU\TPU\subj\59174
|9 76739
|
| 610 |
1 |
|
|a искаженные изображения
|
| 610 |
1 |
|
|a передача
|
| 610 |
1 |
|
|a каналы связи
|
| 610 |
1 |
|
|a математическое описание
|
| 610 |
1 |
|
|a искаженные формы
|
| 610 |
1 |
|
|a расчет на ЭВМ
|
| 610 |
1 |
|
|a численные методы
|
| 610 |
1 |
|
|a программная реализация
|
| 610 |
1 |
|
|a учебные пособия
|
| 675 |
|
|
|a 621.397.13:621.391.8(075.8)
|v 4
|
| 700 |
|
1 |
|a Гофайзен
|b О. В.
|g Олег Викторович
|
| 712 |
0 |
2 |
|a Одесский электротехнический институт связи
|2 stltpush
|3 (RuTPU)RU\TPU\col\9950
|9 24768
|
| 801 |
|
1 |
|a RU
|b 63413507
|c 20220209
|
| 942 |
|
|
|c BK
|